000 00902nam a2200265 i 4500
001 175632
003 ES-MaACL
005 20250808001332.0
007 t|
008 101112s1978 sp |||| | spa d
020 _a84-220-0877-7
080 _a929 Juan Pablo I, Papa
080 _a821.131.1-6"19"
100 0 _aJuan Pablo
_bI,
_cPapa
_967129
245 1 0 _aIlustrísimos señores
_b: cartas del patriarca de Venecia /
_cAlbino Luciani ; [traducción de José L. Legaza ... et al.].
250 _a3ª ed.
260 _aMadrid :
_bLa Editorial Católica,
_c1978.
300 _aXVIII, 326 p. ;
_c18 cm.
490 1 _aBiblioteca de autores cristianos. Serie Minor ;
_v47
500 _aÍndice.
700 1 _aLegaza, José Luis.
_971265
830 0 0 _aBiblioteca de autores cristianos.
_pMinor
_v47
_9189814
852 _aES-MaACL
_jE-13509
_xOlim P-1255
999 _c175632
_d175632